000 00406pam a2200157a 44500
008 230515b1976 xxu||||| |||| 00| 0 eng d
020 _aNULL
041 _aENGLISH
082 _a630
100 _a3370-1965
245 _aCODE OF PRACTICE FOR STRUCTURES FOR THE STORAGE AT LIQUIDS PART-II REINFORCED CONCRETE STRUCTURES
250 _a0
260 _aDELHI
_bISI
_c1976
300 _a12
650 _aNULL
999 _c652226
_d652226